[Event "Pinsk"]
[Site "Pinsk"]
[Date "1993.??.??"]
[Round "?"]
[White "Kharlov, Andrei"]
[Black "Balashov, Yuri"]
[Result "1-0"]
[WhiteElo "2535"]
[BlackElo "2520"]
[Annotator "Wolff,P"]
[PlyCount "103"]
[EventDate "1993.??.??"]
[EventType "tourn"]
[EventRounds "9"]
[EventCountry "BLR"]
[EventCategory "10"]
[SourceTitle "CBM 038"]
[Source "ChessBase"]
[SourceDate "1994.02.01"]
[SourceVersion "1"]
[SourceVersionDate "1994.02.01"]
[SourceQuality "1"]

1. e4 e5 2. Nf3 Nc6 3. Bb5 a6 4. Ba4 Nf6 5. O-O Be7 6. Re1 b5 7. Bb3 d6 8. c3
O-O 9. d3 Na5 10. Bc2 c5 11. Nbd2 Re8 12. Nf1 Bf8 (12... Nc6 {In the game,
this was reached by the move order 11...Nc6 12.Nf1 Re8.} 13. h3 Qc7 14. a4 Bd7
15. Bg5 Rab8 16. axb5 Rxb5 $6 (16... axb5 17. Ne3 $14) 17. Bc1 Ra8 18. Ne3 Qb8
19. Nc4 Rb7 20. Ba4 Ne8 21. Bxc6 Bxc6 22. Na5 Rc7 23. Nxc6 Rxc6 24. Qa4 $16 {
Kharlov,A-Ginsburg,G Pinsk 1993}) (12... h6 $5 13. a4 b4 14. Ne3 Bf8 {Black's
setup looks extremely logical.} 15. cxb4 cxb4 16. b3 d5 $5 17. exd5 Nxd5 18.
Nxd5 Qxd5 19. d4 (19. Bb2 Bg4 $1) 19... e4 20. Ne5 Bf5 21. Bb2 Rac8 22. Rc1 Bd6
23. f3 Bxe5 24. dxe5 Qxd1 25. Rexd1 Rc5 26. g4 Be6 27. Bxe4 Nxb3 28. Rb1 Ra5
29. Rd6 Nc5 $15 {1/2-1/2, Smirin-Adams, Elenite (05) 1993}) 13. Bg5 h6 14. Bh4
Be7 15. Ne3 Nc6 16. a4 b4 (16... Be6 17. Bb3 Nh7 18. Bxe7 Nxe7 19. Bxe6 fxe6
20. axb5 axb5 21. Rxa8 Qxa8 22. Qb3 Nf8 $10 {Psakhis,L-Tseitlin,MD Beersheva 
(06) 1993} 23. Qxb5 $140 Rb8 24. Qc4 Rxb2) 17. Bb3 $1 {This is possible now
that the knight is no longer on a5.} Rb8 18. Bc4 $14 Na5 19. Bxf6 $1 Nxc4 20.
dxc4 $1 Bxf6 21. Nd5 a5 $6 (21... bxc3 22. bxc3 Bb7 $14) 22. cxb4 cxb4 23. b3
$16 {><a5,d5,f6} Be7 24. Nxe7+ $6 (24. Qd3 $142) (24. c5 Bb7 (24... dxc5 25.
Nxe5 $16) (24... Bf8 25. c6 $16) 25. Nxe7+ Rxe7 26. Qxd6 Qxd6 27. cxd6 Re6 28.
Rad1 Rd8 $10 29. Nd2 $140 Rexd6) 24... Qxe7 (24... Rxe7 $142 25. c5 (25. Qd3
$14) 25... Be6 $1 $132 {><b3} (25... Re6 26. Qd5 $16) (25... Rd7 26. c6 (26.
Qd5 dxc5 27. Qxc5 f6) 26... Re7 27. Rc1 $16 Be6 $140 28. Nxe5 Bxb3 (28... dxe5
29. c7 $1 Rxc7 30. Qxd8+ Rxd8 31. Rxc7) 29. Qxb3 dxe5 30. Red1 $16) 26. cxd6
$140 Rd7 27. Nxe5 Rxd6 28. Qf3 Qg5 29. Nc4 (29. Qg3 Qxg3 30. hxg3 f6 $44) 29...
Bxc4 30. bxc4 Qe5 $44) 25. Qd5 $1 {><a5} Qc7 26. Rad1 $1 Rb6 $8 (26... Rd8 27.
c5 $1 $16) (26... Re6 27. c5 $1 dxc5 28. Qd8+ Qxd8 29. Rxd8+ Kh7 30. Rc1 Rc6
31. Nxe5 Rc7 32. Nc4 $18) 27. Nh4 $1 (27. Qxa5 $2 Bb7 {/\...Ra8}) 27... Rc6 (
27... g6 28. Re3 {Black will have a hard time defending against all of White's
threats, i.e. Qxa5, Rg3, and Rc1/\c4-c5.} (28. Nxg6 $2 Be6 29. Qd2 fxg6 30.
Qxh6 Qg7 $17)) 28. Nf5 Be6 29. Qd3 Kh7 30. Rd2 Rd8 31. Ne3 Rd7 32. Red1 Qd8 33.
Qe2 Qf6 34. Rd3 Qf4 35. Nd5 (35. f3 $5) 35... Qh4 36. R1d2 f5 $1 {/\<=>} 37.
exf5 Bxf5 38. Re3 Bg6 39. Qf3 Rc8 $2 {Was this time pressure?} 40. Nb6 Rf7 41.
Qxf7 $1 Bxf7 42. Nxc8 Bxc4 43. Nxd6 $1 (43. bxc4 $4 Qxc4 {פc8,c1}) 43... Be6
44. h3 $18 Qg5 45. Ne4 Qe7 46. Rd6 Bf7 47. Red3 Qc7 48. Rd7 Qc1+ 49. Kh2 Qf4+
50. Rg3 Kg8 51. Rd8+ Kh7 52. Rf8 1-0

[Event "Pinsk"]
[Site "Pinsk"]
[Date "1993.??.??"]
[Round "?"]
[White "Kharlov, Andrei"]
[Black "Ginsburg, Gennadij"]
[Result "0-1"]
[WhiteElo "2535"]
[BlackElo "2435"]
[PlyCount "92"]
[EventDate "1993.??.??"]
[EventType "tourn"]
[EventRounds "9"]
[EventCountry "BLR"]
[EventCategory "10"]
[SourceTitle "CBM 038"]
[Source "ChessBase"]
[SourceDate "1994.02.01"]
[SourceVersion "1"]
[SourceVersionDate "1994.02.01"]
[SourceQuality "1"]

1. e4 e5 2. Nf3 Nc6 3. Bb5 a6 4. Ba4 Nf6 5. O-O Be7 6. Re1 b5 7. Bb3 d6 8. c3
O-O 9. d3 Na5 10. Bc2 c5 11. Nbd2 Nc6 12. Nf1 Re8 13. h3 Qc7 14. a4 Bd7 15. Bg5
Rab8 16. axb5 Rxb5 17. Bc1 Ra8 18. Ne3 Qb8 19. Nc4 Rb7 20. Ba4 Ne8 21. Bxc6
Bxc6 22. Na5 Rb6 23. Nxc6 Rxc6 24. Qa4 Qc8 25. Nd2 Bg5 26. Nc4 Bxc1 27. Rexc1
Nf6 28. Kh2 g6 29. Ra3 Qc7 30. Rb3 d5 31. Ne3 Rd8 32. c4 dxe4 33. dxe4 Rd4 34.
Nd5 Nxd5 35. exd5 Rf6 36. Qe8+ Kg7 37. Kg1 e4 38. Rb8 Kh6 39. Rf1 Qf4 40. g3
Qf5 41. Qf8+ Kg5 42. Qxc5 Rd3 43. Qc7 Qxh3 44. Rb6 Rxf2 45. Kxf2 Rf3+ 46. Ke2
Qg2+ 0-1

[Event "Pinsk"]
[Site "Pinsk"]
[Date "1993.??.??"]
[Round "?"]
[White "Kharlov, Andrei"]
[Black "Kharitonov, Andrei"]
[Result "1/2-1/2"]
[WhiteElo "2535"]
[BlackElo "2530"]
[PlyCount "20"]
[EventDate "1993.??.??"]
[EventType "tourn"]
[EventRounds "9"]
[EventCountry "BLR"]
[EventCategory "10"]
[SourceTitle "CBM 038"]
[Source "ChessBase"]
[SourceDate "1994.02.01"]
[SourceVersion "1"]
[SourceVersionDate "1994.02.01"]
[SourceQuality "1"]

1. d4 d5 2. c4 e6 3. Nf3 Nf6 4. cxd5 exd5 5. Nc3 c6 6. Bg5 Be7 7. e3 Bf5 8. Bd3
Bxd3 9. Qxd3 Nbd7 10. O-O O-O 1/2-1/2

[Event "Pinsk"]
[Site "Pinsk"]
[Date "1993.??.??"]
[Round "?"]
[White "Kharlov, Andrei"]
[Black "Svistunov, K."]
[Result "1-0"]
[WhiteElo "2535"]
[BlackElo "2490"]
[Annotator "Knaak,R"]
[PlyCount "79"]
[EventDate "1993.??.??"]
[EventType "tourn"]
[EventRounds "9"]
[EventCountry "BLR"]
[EventCategory "10"]
[SourceTitle "CBM 038"]
[Source "ChessBase"]
[SourceDate "1994.02.01"]
[SourceVersion "1"]
[SourceVersionDate "1994.02.01"]
[SourceQuality "1"]

1. e4 e6 2. d4 d5 3. e5 c5 4. c3 Qb6 5. Nf3 Bd7 6. a3 Bb5 7. c4 dxc4 (7... Bxc4
8. Bxc4 dxc4 9. Nbd2 $1 (9. d5 Ne7 10. d6 (10. Nc3 Nxd5 11. Nxd5 exd5 12. Qxd5
Be7 13. O-O Nc6 14. e6 O-O 15. exf7+ Rxf7 16. Bg5 Qd8 $1 $10 {Sveshnikov})
10... Nec6 11. Nbd2 Qa6 12. O-O Nd7 13. Re1 h6 14. Qe2 Na5 15. Ne4 Nb3 16. Rb1
O-O-O $13 {Formanek-Sahovic/Lone Pine/1976/}) 9... Qa6 10. Qe2 cxd4 11. Nxd4
Bc5 12. N4f3 c3 13. Ne4 (13. bxc3 Qxe2+ 14. Kxe2 Nd7 15. Ne4 {/\ Be3 Rb1 Rhd1+/
= Sveshnikov}) 13... Qxe2+ 14. Kxe2 cxb2 15. Bxb2 $44 {Sveshnikov-Ehlvest/
Leningrad/1984/}) 8. d5 (8. Nc3 $2 Nc6 9. d5 O-O-O 10. Qc2 exd5 11. Qf5+ Kb8
12. Bg5 Nge7 13. Qxf7 Nd4 $17 {Weidemann,J-Gerstner,W/BL 9192/1991/}) 8... exd5
9. Qxd5 Ne7 10. Qe4 Qc6 11. Qc2 $6 $146 (11. Nc3 Qxe4+ 12. Nxe4 Ng6 13. Be3 Bc6
14. Nd6+ Bxd6 15. exd6 b5 16. Bxc5 Nd7 17. Be3 Bxf3 18. gxf3 a5 {0.5-0.5/
Villarreal,H-Schweber,S/Buenos Aires/1991/}) 11... Qg6 $1 12. Qe2 Nbc6 13. Nc3
Ba6 14. Be3 Nf5 15. Rd1 (15. Nd5 O-O-O $17) 15... Ncd4 $2 (15... Rc8 $15) 16.
Bxd4 Nxd4 17. Nxd4 cxd4 18. Rxd4 $14 Bc5 19. Rd5 Be7 20. g3 O-O 21. Bg2 Rad8
22. Be4 Qh6 23. O-O Rxd5 24. Bxd5 b5 25. Rd1 Qb6 $2 26. e6 $1 $16 fxe6 27.
Bxe6+ Kh8 28. Nd5 Qc5 29. Nxe7 Qxe7 30. Bxc4 Qf6 31. Bd5 b4 32. Qf3 bxa3 33.
bxa3 Rd8 34. Re1 Qxf3 35. Bxf3 g6 36. h4 Rd3 37. Re8+ Kg7 38. Re7+ Kh6 39. Rxa7
Rxa3 40. Bb7 1-0

[Event "Pinsk"]
[Site "Pinsk"]
[Date "1993.??.??"]
[Round "?"]
[White "Kiselev, Sergey"]
[Black "Kharlov, Andrei"]
[Result "0-1"]
[WhiteElo "2470"]
[BlackElo "2535"]
[PlyCount "122"]
[EventDate "1993.??.??"]
[EventType "tourn"]
[EventRounds "9"]
[EventCountry "BLR"]
[EventCategory "10"]
[SourceTitle "CBM 038"]
[Source "ChessBase"]
[SourceDate "1994.02.01"]
[SourceVersion "1"]
[SourceVersionDate "1994.02.01"]
[SourceQuality "1"]

1. d4 d5 2. Nf3 Nf6 3. c4 dxc4 4. e3 e6 5. Bxc4 c5 6. O-O a6 7. b3 Nc6 8. Bb2
cxd4 9. Nxd4 Nxd4 10. Bxd4 Bd7 11. Nd2 Bc6 12. Nf3 Be7 13. Qe2 O-O 14. Ne5 Bd5
15. Rad1 Qa5 16. Bxd5 Nxd5 17. Nc4 Qb5 18. e4 Nf6 19. Rd3 Rfd8 20. Rfd1 Qc6 21.
e5 Nd5 22. Qe4 h5 23. Qf3 Nb4 24. Qxc6 bxc6 25. R3d2 c5 26. Be3 Nxa2 27. Rxd8+
Rxd8 28. Rxd8+ Bxd8 29. Bxc5 Nc1 30. b4 Nd3 31. Bd6 f5 32. Kf1 Kf7 33. g3 Be7
34. Ke2 Nxb4 35. h4 Bxd6 36. exd6 Nc6 37. f4 Ke8 38. Ne5 Nd8 39. Kd3 Nb7 40.
d7+ Kd8 41. Kc4 Kc7 42. Kb4 Nd6 43. Ka5 Ne4 44. Kxa6 Nxg3 45. Kb5 Ne2 46. Kc5
Nxf4 47. d8=Q+ Kxd8 48. Kd6 Ke8 49. Nf3 Kf7 50. Ne5+ Kf6 51. Nd7+ Kg6 52. Ne5+
Kh6 53. Nf3 g6 54. Ke5 Ng2 55. Kxe6 Nxh4 56. Nxh4 Kg5 57. Nf3+ Kf4 58. Ne5 Kg3
59. Nxg6 f4 60. Ne7 f3 61. Nd5 h4 0-1

[Event "Pinsk"]
[Site "Pinsk"]
[Date "1993.??.??"]
[Round "?"]
[White "Nielsen, Peter Heine"]
[Black "Kharlov, Andrei"]
[Result "1-0"]
[WhiteElo "2465"]
[BlackElo "2535"]
[Annotator "Ribli"]
[PlyCount "65"]
[EventDate "1993.??.??"]
[EventType "tourn"]
[EventRounds "9"]
[EventCountry "BLR"]
[EventCategory "10"]
[SourceTitle "CBM 038"]
[Source "ChessBase"]
[SourceDate "1994.02.01"]
[SourceVersion "1"]
[SourceVersionDate "1994.02.01"]
[SourceQuality "1"]

1. c4 e6 2. Nf3 d5 3. g3 dxc4 4. Qa4+ Nd7 5. Qxc4 a6 6. Bg2 b5 7. Qc2 Bb7 8.
O-O Ngf6 9. d3 c5 10. a4 Nd5 $6 (10... Be7 $5 $10 {Sidef Sade,F-Suetin,A/
Nabereznye Chelny/1993/CBM37/}) 11. Nc3 Bc6 12. Bg5 $1 f6 $6 (12... Qb6 13.
axb5 axb5 14. Rxa8+ Bxa8 15. Ra1 Bc6 16. Nxd5 Bxd5 17. b4 $14) 13. Nxd5 Bxd5
14. e4 Bc6 $2 (14... Bb7 15. Be3 $14) 15. axb5 axb5 $2 (15... Bxb5 16. Be3 $16)
16. Nd4 $1 cxd4 17. Qxc6 Rc8 18. Qxe6+ Be7 19. Bd2 Nc5 20. Qg4 O-O 21. Ra7 Kh8
(21... Nxd3 $2 22. Qe6+ Rf7 23. Rxe7 $1 Qxe7 24. Qxc8+ $18) 22. Bb4 Rc7 23.
Rxc7 Qxc7 24. Rc1 Qa7 25. Bxc5 Bxc5 26. Qf5 Be7 27. Qxb5 Rb8 28. Qf5 Bf8 29. e5
$1 fxe5 30. Be4 g6 31. Qxe5+ Bg7 32. Qe6 Bf8 (32... Rf8 33. Rc8 $18) 33. Bd5 (
33. Bd5 Qg7 34. Rc7 $18) 1-0

[Event "Pinsk"]
[Site "Pinsk"]
[Date "1993.??.??"]
[Round "?"]
[White "Ryskin, Alexander"]
[Black "Kharlov, Andrei"]
[Result "1/2-1/2"]
[WhiteElo "2515"]
[BlackElo "2535"]
[PlyCount "80"]
[EventDate "1993.??.??"]
[EventType "tourn"]
[EventRounds "9"]
[EventCountry "BLR"]
[EventCategory "10"]
[SourceTitle "CBM 038"]
[Source "ChessBase"]
[SourceDate "1994.02.01"]
[SourceVersion "1"]
[SourceVersionDate "1994.02.01"]
[SourceQuality "1"]

1. d4 d5 2. c4 e6 3. Nc3 c6 4. e3 Nd7 5. Nf3 Ngf6 6. Be2 dxc4 7. a4 Bb4 8. Nd2
e5 9. Nxc4 exd4 10. exd4 Nb6 11. O-O Nxc4 12. Bxc4 O-O 13. Bg5 Qd6 14. Bh4 Be6
15. Bd3 Qf4 16. Bg3 Qg4 17. Be2 Qg6 18. a5 Rfd8 19. Ra4 Bd6 20. Bd3 Bf5 21.
Bxf5 Qxf5 22. Qb3 Bxg3 23. fxg3 Qd7 24. Rb4 Rab8 25. Na4 Qd5 26. Nc5 Qxb3 27.
Rxb3 b5 28. axb6 Rxb6 29. Ra1 Rxb3 30. Nxb3 h5 31. Rxa7 Re8 32. h3 Re2 33. Na5
Ne4 34. Nxc6 Nxg3 35. b4 f5 36. d5 Rb2 37. Ra4 Ne2+ 38. Kf1 Ng3+ 39. Kg1 Ne2+
40. Kf1 Ng3+ 1/2-1/2

[Event "Porz Citroen-Cup"]
[Site "Porz"]
[Date "1993.??.??"]
[Round "1"]
[White "Kharlov, Andrei"]
[Black "Hoffmann, Michael"]
[Result "1-0"]
[WhiteElo "2535"]
[BlackElo "2455"]
[PlyCount "77"]
[EventDate "1993.??.??"]
[EventType "tourn"]
[EventRounds "9"]
[EventCountry "GER"]
[EventCategory "9"]
[SourceTitle "EXT 1999"]
[Source "ChessBase"]
[SourceDate "1998.11.10"]
[SourceVersion "1"]
[SourceVersionDate "1998.11.10"]
[SourceQuality "1"]

1. e4 c5 2. c3 d5 3. exd5 Qxd5 4. d4 Nf6 5. Nf3 Bg4 6. Qa4+ Bd7 7. Qb3 cxd4 8.
Bc4 Qe4+ 9. Kf1 e6 10. cxd4 Nc6 11. Nc3 Qf5 12. Qxb7 Rb8 13. Qc7 Rc8 14. Qf4
Qxf4 15. Bxf4 Nxd4 16. Ne5 Nh5 17. Rd1 Nc6 18. Nxd7 Nxf4 19. Bb5 Ke7 20. g3 Nh5
21. Kg2 Nf6 22. Nxf6 gxf6 23. Rhe1 Bg7 24. Nd5+ Kf8 {[#]} 25. Rc1 Ne7 26. Rxc8+
Nxc8 27. Rc1 Nd6 28. Rc6 exd5 29. Rxd6 Ke7 30. Rd7+ Ke6 31. Rxa7 Rd8 32. a4 f5
33. b3 Bd4 34. Ra6+ Ke5 35. Bd3 f4 36. Bxh7 Rb8 37. Rh6 Rxb3 38. gxf4+ Kxf4 39.
Rh5 1-0

[Event "Porz Citroen-Cup"]
[Site "Porz"]
[Date "1993.??.??"]
[Round "3"]
[White "Kharlov, Andrei"]
[Black "Teske, Henrik"]
[Result "1-0"]
[WhiteElo "2535"]
[BlackElo "2475"]
[PlyCount "63"]
[EventDate "1993.??.??"]
[EventType "tourn"]
[EventRounds "9"]
[EventCountry "GER"]
[EventCategory "9"]
[SourceTitle "EXT 1999"]
[Source "ChessBase"]
[SourceDate "1998.11.10"]
[SourceVersion "1"]
[SourceVersionDate "1998.11.10"]
[SourceQuality "1"]

1. e4 b6 2. d4 Bb7 3. Bd3 e6 4. Nf3 c5 5. c3 Nf6 6. Nbd2 Nc6 7. a3 d5 8. e5 Nd7
9. O-O f5 10. exf6 Qxf6 11. Re1 O-O-O 12. b4 Bd6 13. bxc5 bxc5 14. Rb1 Bc7 15.
Qe2 c4 {[#]} 16. Nxc4 dxc4 17. Bxc4 Qf5 18. Bg5 Rde8 19. Bxe6 Qg6 20. Qb5 Bb6
21. d5 Rhf8 22. dxc6 Rxe6 23. cxd7+ Kc7 24. Rxe6 Qxe6 25. Qe5+ Qxe5 26. d8=Q+
Rxd8 27. Bxd8+ Kxd8 28. Nxe5 Ba6 29. Rd1+ Ke7 30. c4 Bc8 31. c5 Bxc5 32. Rc1
1-0

[Event "Porz Citroen-Cup"]
[Site "Porz"]
[Date "1993.??.??"]
[Round "4"]
[White "Grigore, George Gabriel"]
[Black "Kharlov, Andrei"]
[Result "0-1"]
[WhiteElo "2455"]
[BlackElo "2535"]
[PlyCount "98"]
[EventDate "1993.??.??"]
[EventType "tourn"]
[EventRounds "9"]
[EventCountry "GER"]
[EventCategory "9"]
[SourceTitle "EXT 1999"]
[Source "ChessBase"]
[SourceDate "1998.11.10"]
[SourceVersion "1"]
[SourceVersionDate "1998.11.10"]
[SourceQuality "1"]

1. d4 d5 2. c4 e6 3. Nc3 c6 4. e4 dxe4 5. Nxe4 Bb4+ 6. Bd2 Qxd4 7. Bxb4 Qxe4+
8. Ne2 Na6 {[#]} 9. Bf8 Ne7 10. Bxg7 Rg8 11. Qd4 Qxd4 12. Bxd4 c5 13. Bc3 Nb4
14. Kd2 b6 15. a3 Nbc6 16. Rd1 Bb7 17. Kc1 Nf5 18. b4 Rd8 19. Rxd8+ Kxd8 20.
bxc5 bxc5 21. Ng3 Ncd4 22. Nxf5 Nxf5 23. Rg1 Nd4 24. Bd3 Rxg2 25. Rxg2 Bxg2 26.
Bxd4 cxd4 27. Bxh7 Ke7 28. Kd2 e5 29. h4 e4 30. Bf5 Bf3 31. c5 Kf6 32. Bd7 Bh5
33. Bb5 Bg4 34. Be2 Bd7 35. Bh5 Kg7 36. Bd1 f5 37. f3 Bb5 38. fxe4 fxe4 39. Be2
Bc6 40. Bd3 Kf6 41. Be2 Ke5 42. h5 e3+ 43. Ke1 Be4 44. h6 d3 45. Bxd3 Bxd3 46.
c6 Kd6 47. h7 Bxh7 48. Ke2 Kxc6 49. Kxe3 Kb5 0-1

[Event "Porz Citroen-Cup"]
[Site "Porz"]
[Date "1993.??.??"]
[Round "5"]
[White "Kharlov, Andrei"]
[Black "Holzke, Frank"]
[Result "1-0"]
[WhiteElo "2535"]
[BlackElo "2375"]
[PlyCount "43"]
[EventDate "1993.??.??"]
[EventType "tourn"]
[EventRounds "9"]
[EventCountry "GER"]
[EventCategory "9"]
[SourceTitle "EXT 1999"]
[Source "ChessBase"]
[SourceDate "1998.11.10"]
[SourceVersion "1"]
[SourceVersionDate "1998.11.10"]
[SourceQuality "1"]

1. d4 Nf6 2. Nf3 g6 3. Bg5 Bg7 4. Nbd2 O-O 5. e4 d5 6. Bd3 dxe4 7. Nxe4 Nxe4 8.
Bxe4 c5 9. c3 cxd4 10. Nxd4 Qc7 11. O-O Nc6 12. Nxc6 bxc6 13. Qa4 Rb8 14. Qxc6
Qa5 15. Bxe7 Bb7 {[#]} 16. Qxb7 Rxb7 17. Bxb7 Rb8 18. Bb4 Qa4 19. Bd5 a5 20.
Ba3 Bxc3 21. Bb3 Qc6 22. Rac1 1-0

[Event "Porz Citroen-Cup"]
[Site "Porz"]
[Date "1993.??.??"]
[Round "7"]
[White "Kharlov, Andrei"]
[Black "Budnikov, Alexandar"]
[Result "1/2-1/2"]
[WhiteElo "2535"]
[BlackElo "2535"]
[PlyCount "25"]
[EventDate "1993.??.??"]
[EventType "tourn"]
[EventRounds "9"]
[EventCountry "GER"]
[EventCategory "9"]
[SourceTitle "EXT 1999"]
[Source "ChessBase"]
[SourceDate "1998.11.10"]
[SourceVersion "1"]
[SourceVersionDate "1998.11.10"]
[SourceQuality "1"]

1. c4 e6 2. g3 d5 3. Bg2 Nf6 4. Nf3 Be7 5. O-O O-O 6. d4 c6 7. Nc3 Nbd7 8. Qb3
b6 9. cxd5 cxd5 10. Bf4 Bb7 11. Ne5 Nxe5 12. Bxe5 Qd7 13. Rfc1 1/2-1/2

[Event "Porz Citroen-Cup"]
[Site "Porz"]
[Date "1993.??.??"]
[Round "8"]
[White "Kharlov, Andrei"]
[Black "Schoen, Wolfram"]
[Result "1/2-1/2"]
[WhiteElo "2535"]
[BlackElo "2375"]
[PlyCount "155"]
[EventDate "1993.??.??"]
[EventType "tourn"]
[EventRounds "9"]
[EventCountry "GER"]
[EventCategory "9"]
[SourceTitle "EXT 1999"]
[Source "ChessBase"]
[SourceDate "1998.11.10"]
[SourceVersion "1"]
[SourceVersionDate "1998.11.10"]
[SourceQuality "1"]

1. e4 c5 2. c3 e5 3. Nf3 Nc6 4. Bc4 Qc7 5. d3 Nf6 6. a3 Be7 7. b4 d6 8. Bg5 a6
9. bxc5 dxc5 10. a4 O-O 11. Nbd2 Rb8 12. Rb1 Bg4 13. h3 Bxf3 14. Nxf3 h6 15.
Bxf6 Bxf6 16. O-O Qa5 17. Qb3 b5 18. axb5 axb5 19. Bxb5 Na7 20. c4 Rb7 21. Ra1
Qc7 22. Rfb1 Rfb8 23. Ra3 Nxb5 24. cxb5 Qd7 25. b6 Rxb6 26. Qxb6 Rxb6 27. Rxb6
c4 28. dxc4 Qd1+ 29. Kh2 Qc2 30. c5 Qxc5 31. Rb8+ Kh7 32. Re3 Qc2 33. Kg3 Bg5
34. Nxg5+ hxg5 35. Ra8 f6 36. Ra1 Kh6 37. Rh1 Kg6 38. h4 gxh4+ 39. Rxh4 Kf7 40.
Rf3 Qd2 41. Kh2 Qe2 42. Kg3 Qd2 43. Re3 Qc1 44. Rh8 Qc2 45. Rb8 Kg6 46. Rb7 Qc8
47. Reb3 Qc2 48. Kh2 Qxe4 49. Rg3+ Kf5 50. Rbxg7 Ke6 51. Rf3 Qh4+ 52. Kg1 Qb4
53. g4 Qb1+ 54. Kg2 Qe4 55. Kg3 Qb1 56. Kh2 e4 57. Re3 Qb8+ 58. Kg2 Qf4 59. Rg3
Qh6 60. Ra7 Qf4 61. Ra6+ Kf7 62. Ra4 Ke6 63. Rb4 Kf7 64. Rc4 Ke6 65. Rd4 Kf7
66. Rb4 Kf8 67. Rb5 {[#]} e3 68. fxe3 Qe4+ 69. Kh2 Qc2+ 70. Rg2 Qc7+ 71. Rg3
Qc2+ 72. Kh3 Qh7+ 73. Rh5 Qe4 74. Kh2 Qc2+ 75. Rg2 Qc7+ 76. Kh3 Qc1 77. Rf5
Qxe3+ 78. Kh2 1/2-1/2

[Event "Porz Citroen-Cup"]
[Site "Porz"]
[Date "1993.??.??"]
[Round "9"]
[White "Seul, Georg"]
[Black "Kharlov, Andrei"]
[Result "1/2-1/2"]
[WhiteElo "2425"]
[BlackElo "2535"]
[Annotator "Bulletin"]
[PlyCount "109"]
[EventDate "1993.??.??"]
[EventType "tourn"]
[EventRounds "9"]
[EventCountry "GER"]
[EventCategory "9"]
[SourceTitle "EXT 1999"]
[Source "ChessBase"]
[SourceDate "1998.11.10"]
[SourceVersion "1"]
[SourceVersionDate "1998.11.10"]
[SourceQuality "1"]

1. e4 c5 2. Nf3 Nc6 3. Bb5 g6 4. O-O Bg7 5. Bxc6 bxc6 6. Re1 f6 7. c3 Nh6 8. d4
cxd4 9. cxd4 Nf7 10. Nc3 O-O 11. Be3 d6 12. h3 Bd7 13. Rc1 Qa5 14. b3 Qa6 15.
Qd2 Rae8 16. Nh2 f5 17. exf5 Bxf5 18. Nf3 Qa5 19. Ng5 Bd7 20. Nge4 h6 21. Ng3
Kh7 22. Nge4 Nd8 23. Red1 Rf5 24. Ng3 Rf7 25. Nge4 Ref8 26. d5 c5 27. Ng3 Qb4
28. Nce4 a5 29. Qd3 Qb7 30. a4 Bc8 31. Nd2 Qc7 32. Nc4 Nb7 33. Re1 e5 34. Re2
Bf5 35. Ne4 Bf6 36. Bd2 Bd8 37. Qe3 g5 38. f3 {[#]} Bxh3 39. Rf1 $6 (39. gxh3
$2 Rxf3) (39. Nexd6 $5 Nxd6 40. Nxe5 Bf5 41. Rxc5 Qa7 42. Nxf7 Bb6 43. Nxg5+
hxg5 44. Qe7+ Qxe7 45. Rxe7+ Rf7 46. Rxf7+ Nxf7 47. b4 axb4 48. Bxb4 $13) 39...
Bf5 40. g4 $2 Bxg4 41. Rh2 Rxf3 42. Rxf3 Rxf3 43. Nxg5+ Bxg5 44. Qe4+ Rf5 45.
Qxg4 Qf7 46. Bxg5 Rf1+ 47. Kg2 Rf2+ 48. Kg1 Rxh2 49. Kxh2 hxg5 50. Qxg5 Qxd5
51. Qh5+ Kg7 52. Qg5+ Kf7 53. Qh5+ Kf8 54. Qh6+ Ke7 55. Qh4+ 1/2-1/2

[Event "St Petersburg zt"]
[Site "St Petersburg"]
[Date "1993.??.??"]
[Round "1"]
[White "Kharlov, Andrei"]
[Black "Ibragimov, Ildar"]
[Result "1/2-1/2"]
[WhiteElo "2580"]
[BlackElo "2540"]
[Annotator "Ribli"]
[PlyCount "105"]
[EventDate "1993.01.??"]
[EventType "swiss"]
[EventRounds "9"]
[EventCountry "RUS"]
[SourceTitle "CBM 034"]
[Source "ChessBase"]
[SourceDate "1993.06.01"]
[SourceVersion "1"]
[SourceVersionDate "1993.06.01"]
[SourceQuality "1"]

1. c4 e5 2. Nc3 Nc6 3. g3 g6 4. Bg2 Bg7 5. Rb1 a5 6. a3 d6 7. b4 axb4 8. axb4
Nf6 9. d3 O-O 10. Nf3 Nd4 11. O-O c6 12. Bg5 $6 (12. Nd2 Bd7 13. Bb2 Qc7 14. e3
Nf5 15. Qe2 Ne7 16. Rfc1 Ng4 17. h3 Nf6 $13 {Vaganian,R-Kanstler,B URS-ch58
1991 CBM/27}) (12. b5 $5 Bg4 13. Bg5 $1 (13. bxc6 bxc6 14. e3 $6 Nxf3+ 15. Bxf3
Bxf3 16. Qxf3 d5 17. cxd5 cxd5 18. e4 Qa5 $13 {Spiridonov,N-Akopian,V Erevan
1989 CBM/14}) 13... Bxf3 14. Bxf3 h6 15. Bxf6 Nxf3+ 16. exf3 Bxf6 17. bxc6 bxc6
18. Rb7 Ra3 19. Qc2 Qa8 20. Rfb1 $10 {Andersson-Yrjölä 1991 53/(30)}) 12... Ne6
$5 13. Bd2 h6 14. e3 Ne8 15. Ne1 Bd7 16. Nc2 f5 17. f4 Nf6 18. Qe2 Re8 19. Qf3
Qc7 $10 20. h3 exf4 21. gxf4 (21. exf4) 21... Kh7 22. e4 Ng8 23. exf5 (23. Kh1
$5) 23... gxf5 24. Kh1 Ne7 25. Rbe1 (25. Qh5 Rf8 (25... Ng6 $5) 26. Rbe1 Be8
27. Qf3 Nd4 28. Nxd4 Bxd4 29. Ne2 Bg7 $13) 25... Ng6 26. Qh5 Qd8 $1 27. Rf2 (
27. Qxf5 Nexf4 28. Rxe8 Qxe8 29. Qe4 Nxg2 $15) 27... Qh4 $1 28. Qxh4 Nxh4 29.
Bf1 Nd4 30. Nxd4 Bxd4 $15 31. Rfe2 Nf3 $1 32. Re7+ (32. Rxe8 Rxe8 33. Rxe8 Bxe8
34. Nb1 Nxd2 35. Nxd2 Be3 $19) 32... Kh8 33. Rxd7 Nxe1 34. Rxd6 Bg7 (34... Nf3
$5) 35. Be2 Ra3 36. Bh5 Re7 37. d4 Nd3 38. Bg6 Kg8 39. Rd8+ Bf8 40. Bxf5 Nxb4
41. Ne4 Nd3 42. d5 $1 Rxe4 43. Bxe4 Nf2+ 44. Kg2 Nxe4 45. dxc6 bxc6 46. Rxf8+
$1 Kg7 (46... Kxf8 47. Bb4+ $14) 47. Bb4 Rg3+ 48. Kh2 c5 49. Re8 cxb4 50. Rxe4
Rc3 51. c5 b3 52. Rb4 Kf6 53. c6 1/2-1/2

[Event "St Petersburg zt"]
[Site "St Petersburg"]
[Date "1993.??.??"]
[Round "4"]
[White "Balashov, Yuri"]
[Black "Kharlov, Andrei"]
[Result "1/2-1/2"]
[WhiteElo "2545"]
[BlackElo "2580"]
[PlyCount "37"]
[EventDate "1993.01.??"]
[EventType "swiss"]
[EventRounds "9"]
[EventCountry "RUS"]
[SourceTitle "CBM 034"]
[Source "ChessBase"]
[SourceDate "1993.06.01"]
[SourceVersion "1"]
[SourceVersionDate "1993.06.01"]
[SourceQuality "1"]

1. d4 d5 2. c4 e6 3. Nf3 Nf6 4. e3 c5 5. Nc3 Nc6 6. a3 cxd4 7. exd4 Be7 8. Bg5
O-O 9. Rc1 dxc4 10. Bxc4 Nd5 11. Bxe7 Ncxe7 12. O-O b6 13. Nxd5 Nxd5 14. Qa4
Bb7 15. Ba6 Qe7 16. g3 h5 17. h4 g6 18. Ne5 Rfc8 19. Rfe1 1/2-1/2